La estructura electronica de los solidos (Registro nro. 68714)

Detalles MARC
001 - NÚMERO DE CONTROL
campo de control 136996
005 - FECHA Y HORA DE LA ÚLTIMA TRANSACCIÓN
campo de control 20260506072756.0
008 - DATOS DE LONGITUD FIJA--INFORMACIÓN GENERAL
campo de control de longitud fija 970820nuuuuuuuu spa
035 ## - NÚMERO DE CONTROL DEL SISTEMA
Número de control de sistema 136996
035 ## - NÚMERO DE CONTROL DEL SISTEMA
Número de control de sistema (OCoLC)777976526
040 ## - FUENTE DE LA CATALOGACIÓN
Centro/agencia transcriptor comduadb
041 ## - CÓDIGO DE LENGUA
Código de lengua del texto/banda sonora o título independiente spa
082 #4 - NÚMERO DE LA CLASIFICACIÓN DECIMAL DEWEY
Número de clasificación 530
100 10 - ENTRADA PRINCIPAL--NOMBRE DE PERSONA
Nombre de persona Falicov, Leopoldo M.
Código de función aut
Término indicativo de función/relación Autor/a
9 (RLIN) 245074
245 10 - MENCIÓN DE TÍTULO
Título La estructura electronica de los solidos
250 ## - MENCIÓN DE EDICIÓN
Mención de edición 3.ed
260 ## - PUBLICACIÓN, DISTRIBUCIÓN, ETC.
Lugar de publicación, distribución, etc. Estados Unidos :
Nombre del editor, distribuidor, etc. Union Panamericana.
300 ## - DESCRIPCIÓN FÍSICA
Extensión 73 páginas
500 ## - NOTA GENERAL
Nota general Donacion:OEA:Ago./97.
650 ## - PUNTO DE ACCESO ADICIONAL DE MATERIA--TÉRMINO DE MATERIA
Término de materia o nombre geográfico como elemento de entrada Sólidos
9 (RLIN) 2196
942 ## - ELEMENTOS DE ENTRADA AGREGADA (KOHA)
Tipo de ítem Koha Libros
Existencias
Estado de retiro Estado de pérdida Estado dañado No para préstamo Código de colección Localización permanente Ubicación/localización actual Fecha de adquisición Número de inventario Total de préstamos Signatura topográfica completa Código de barras Fecha visto por última vez Número de copia Precio válido a partir de Tipo de ítem Koha
        Colección General Piso 2 Biblioteca Carlos Gaviria Díaz, Campus Medellín Biblioteca Carlos Gaviria Díaz, Campus Medellín 20/08/1997 C192416   530.41 F189es 61000001538988 21/04/2023 1 21/04/2023 Libros